00000000nam##2200000za#4500
0019.695474
003CaOODSP
00520210624234608
007cr |||||||||||
008150407|1999||||xxc|||||o    f|0| 0 eng|d
040 |aCaOODSP|beng
043 |an-cn---
0861 |aF1-23/1999-11E-PDF
1101 |aCanada. |bDepartment of Finance.
24510|aBuilding on the Canadian opportunities strategy |h[electronic resource]
2461 |iAt head of title : |aBudget 1999 - building today for a better tomorrow
260 |aOttawa - Ontario : |bFinance Canada |cFebruary 1999.
300 |a12p.
590 |a12-11-Supp|b2012-03-27
69007|aBudgets|2gcpds
69007|aPublic funding|2gcpds
77508|tRenforcer la Stratégie canadienne pour l'égalité des chances |w(CaOODSP)9.639610
85640|ahttp://publications.gc.ca|qPDF|s133 KB|uhttps://publications.gc.ca/collections/Collection/F1-23-1999-11E.pdf